<?xml version="1.0" encoding="UTF-8"?>
<record
    xmlns:xsi="http://www.w3.org/2001/XMLSchema-instance"
    xsi:schemaLocation="http://www.loc.gov/MARC21/slim http://www.loc.gov/standards/marcxml/schema/MARC21slim.xsd"
    xmlns="http://www.loc.gov/MARC21/slim">

  <leader>00610nam a22001937a 4500</leader>
  <datafield tag="999" ind1=" " ind2=" ">
    <subfield code="c">170127</subfield>
    <subfield code="d">170127</subfield>
  </datafield>
  <controlfield tag="005">20191211115726.0</controlfield>
  <datafield tag="010" ind1=" " ind2=" ">
    <subfield code="a">A-678132</subfield>
  </datafield>
  <datafield tag="020" ind1=" " ind2=" ">
    <subfield code="c">35.00</subfield>
    <subfield code="a">-</subfield>
  </datafield>
  <datafield tag="035" ind1=" " ind2=" ">
    <subfield code="a">A-678132</subfield>
  </datafield>
  <datafield tag="037" ind1=" " ind2=" ">
    <subfield code="b">BPPD</subfield>
  </datafield>
  <datafield tag="082" ind1=" " ind2=" ">
    <subfield code="a">170</subfield>
  </datafield>
  <datafield tag="100" ind1=" " ind2=" ">
    <subfield code="a">&#x62A;&#x631; &#x648;&#x648;&#x644;&#x648; &#x631; </subfield>
  </datafield>
  <datafield tag="245" ind1=" " ind2=" ">
    <subfield code="a">&#x6A9;&#x631; &#x644; )&#x62A;&#x627; &#x645;&#x644; &#x627; &#x62F; &#x628; &#x6A9;&#x627; &#x627; &#x62E;&#x644;&#x627; &#x642;&#x6CC; &#x634;&#x627; &#x6C1;&#x6A9;&#x627; &#x631; </subfield>
    <subfield code="c">&#x62A;&#x631; &#x648;&#x648;&#x644;&#x648; &#x631;  </subfield>
  </datafield>
  <datafield tag="246" ind1=" " ind2=" ">
    <subfield code="a">Kurul (Tamil Literature) (Urdu)</subfield>
    <subfield code="b">byTarulur</subfield>
  </datafield>
  <datafield tag="260" ind1=" " ind2=" ">
    <subfield code="a">N.Delhi</subfield>
    <subfield code="c">1965 &#x621; </subfield>
    <subfield code="b">Sahity Acedemy</subfield>
  </datafield>
  <datafield tag="270" ind1=" " ind2=" ">
    <subfield code="a">35-Ravender Bhawan,Firozshah Road</subfield>
    <subfield code="b">N.Delhi</subfield>
    <subfield code="k">-</subfield>
    <subfield code="e">110001</subfield>
  </datafield>
  <datafield tag="300" ind1=" " ind2=" ">
    <subfield code="a">152 &#x635;</subfield>
    <subfield code="c">22 cm(hb)</subfield>
  </datafield>
  <datafield tag="942" ind1=" " ind2=" ">
    <subfield code="2">ddc</subfield>
    <subfield code="c">UR</subfield>
    <subfield code="h">170</subfield>
    <subfield code="m">&#x62A; &#x631; &#x648; </subfield>
  </datafield>
  <datafield tag="952" ind1=" " ind2=" ">
    <subfield code="0">0</subfield>
    <subfield code="1">0</subfield>
    <subfield code="4">0</subfield>
    <subfield code="7">0</subfield>
    <subfield code="8">NFIC</subfield>
    <subfield code="a">L</subfield>
    <subfield code="b">L</subfield>
    <subfield code="d">2019-12-11</subfield>
    <subfield code="e">BPPD/Ven.</subfield>
    <subfield code="g">35.00</subfield>
    <subfield code="l">0</subfield>
    <subfield code="o">170 &#x62A; &#x631; &#x648;</subfield>
    <subfield code="p">A-678132</subfield>
    <subfield code="r">2019-12-11 00:00:00</subfield>
    <subfield code="t">1</subfield>
    <subfield code="v">35.00</subfield>
    <subfield code="w">2019-12-11</subfield>
    <subfield code="y">UR</subfield>
  </datafield>
</record>
